000 00541cam a2200169 4500500
005 20260329004620.0
041 _afre
042 _adc
100 1 0 _aN’Diaye, Aïda
_eauthor
245 0 0 _aCuriosités philosophiques. De Platon à Russell
260 _c2020.
500 _a90
690 _aMonsieur Phi
690 _aThibaut Giraud
786 0 _nPhilosophie magazine | 142 | 9 | 2020-09-01 | p. 100-100 | 1951-1787
856 4 1 _uhttps://shs.cairn.info/magazine-philosophie-magazine-2020-9-page-100?lang=fr&redirect-ssocas=7080
999 _c1835675
_d1835676